| 000 | 00563nam a22002177a 4500 | ||
|---|---|---|---|
| 003 | OSt | ||
| 005 | 20170112133028.0 | ||
| 008 | 170112b xxu||||| |||| 00| 0 eng d | ||
| 020 | _a9781416064435 | ||
| 040 | _cDDC | ||
| 082 | _aWS39 P235p 2010 | ||
| 100 |
_aPark, Myung K. _911387 |
||
| 245 | _aThe Pediatric Cardiology Handbook | ||
| 250 | _a4th ed. | ||
| 260 | _aPhiladelphia; Mosby, 2010 | ||
| 300 | _axviii,443p; ill: 19cm | ||
| 504 | _aAppendices, & index included | ||
| 650 |
_aPediatics _911388 |
||
| 650 |
_aCardiology _93034 |
||
| 942 |
_2z _cO_SHELF |
||
| 999 |
_c5450 _d5450 |
||